000
00292nam a22001217a 4500
008
170918b xxu||||| |||| 00| 0 eng d
041
_a
eng
080
_a
7
100
_a
44
101
_a
ART
245
_a
AN AMERICAN VISION THREE GENERATIONS WYETH ART
_c
JAMES.L
942
_2
udc
_c
BK
999
_c
28126
_d
28126